Siddhasramam: its ideals & Activities (Record no. 1435011)

MARC details
000 -LEADER
fixed length control field 00389nam a22001577a 4500
005 - DATE AND TIME OF LATEST TRANSACTION
control field 20250829170221.0
008 - FIXED-LENGTH DATA ELEMENTS--GENERAL INFORMATION
fixed length control field 250829b |||||||| |||| 00| 0 eng d
037 ## - SOURCE OF ACQUISITION
Terms of availability TB
040 ## - CATALOGING SOURCE
Original cataloging agency CRL
Transcribing agency CRL
084 ## - COLON CLASSIFICATION NUMBER
Assigning agency CRL
245 ## - TITLE STATEMENT
Title Siddhasramam: its ideals & Activities
260 ## - PUBLICATION, DISTRIBUTION, ETC.
Place of publication, distribution, etc. Madurai, India:
Name of publisher, distributor, etc. Siddhasramam,
300 ## - PHYSICAL DESCRIPTION
Extent 35p.
942 ## - ADDED ENTRY ELEMENTS (KOHA)
Source of classification or shelving scheme Colon Classification (CC)
Koha item type Textbook
Suppress in OPAC No
Holdings
Withdrawn status Lost status Source of classification or shelving scheme Damaged status Not for loan Home library Current library Date acquired Inventory number Total Checkouts Barcode Date last seen Price effective from Koha item type
    Colon Classification (CC)     Central Library Central Library 2025-08-29 Gift   CL1237166 2025-08-29 2025-08-29 Textbook
Copyright @ Delhi University Library System